The Panama Canal: a study in international law and diplomacy/
El libro examina el Canal de Panamá desde una perspectiva de derecho internacional y diplomacia. El autor analiza detalladamente los aspectos legales y diplomáticos que rodearon la construcción, operación y administración del Canal de Panamá, considerado un hito en la historia de la ingeniería y el...
Gardado en:
| Autor Principal: | |
|---|---|
| Formato: | Libro |
| Idioma: | English |
| Publicado: |
London:
P.S. King and Son Orchard House,
1911
|
| Series: | Studies in economics and political science Series of Monographs
n° 25 |
| Materias: | |
| Etiquetas: |
Engadir etiqueta
Sen Etiquetas, Sexa o primeiro en etiquetar este rexistro!
|
MARC
| LEADER | 00000nam a22000007a 4500 | ||
|---|---|---|---|
| 003 | cru CIDCACS/IIS | ||
| 005 | 20230905154308.0 | ||
| 007 | ta | ||
| 008 | 170126t1911 enk||||| |||| 00| 0 eng d | ||
| 040 | |c cru CIDCACS/IIS | ||
| 090 | |a 01.02.01 A696p | ||
| 100 | 1 | |9 1722 |a Arias Madrid, Harmodio | |
| 245 | 1 | |a The Panama Canal: |b a study in international law and diplomacy/ |c Harmodio Arias Madrid | |
| 260 | |a London: |b P.S. King and Son Orchard House, |c 1911 | ||
| 300 | |a 207 páginas | ||
| 440 | |9 1715 |a Studies in economics and political science |p Series of Monographs |v n° 25 | ||
| 520 | 3 | |a El libro examina el Canal de Panamá desde una perspectiva de derecho internacional y diplomacia. El autor analiza detalladamente los aspectos legales y diplomáticos que rodearon la construcción, operación y administración del Canal de Panamá, considerado un hito en la historia de la ingeniería y el comercio mundial. Arias Madrid examina las implicaciones políticas y jurídicas de la transferencia de control del Canal de Panamá de Estados Unidos a Panamá, resaltando la importancia de esta transición en el contexto de la soberanía y las relaciones internacionales. El libro proporciona un análisis profundo de las negociaciones, acuerdos y desafíos que surgieron en torno al Canal y cómo estas cuestiones impactaron en las relaciones internacionales y el derecho internacional en general. RAR | |
| 650 | 0 | 0 | |2 OCDE |9 6040 |a DERECHO INTERNACIONAL |
| 650 | 0 | 4 | |2 OCDE |9 1848 |a DIPLOMACIA |
| 650 | 0 | 4 | |2 OCDE |9 2646 |a RELACIONES INTERNACIONALES |
| 650 | 0 | 0 | |2 OCDE |9 517 |a ADMINISTRACION |
| 650 | 0 | 0 | |2 OCDE |9 2160 |a SOBERANIA |
| 650 | 0 | 0 | |2 OCDE |9 507 |a ACUERDOS INTERNACIONALES |
| 651 | 0 | |2 OCDE |9 353 |a PANAMA | |
| 942 | |2 ddc |c LI | ||
| 999 | |c 18824 |d 18824 | ||
